| 000 | 00458nam a2200145Ia 4500 | ||
|---|---|---|---|
| 008 | 230917s9999||||xx |||||||||||||| ||und|| | ||
| 040 |
_e181171 _aMAIN |
||
| 041 | _aEnglish | ||
| 082 | _a333.336 A84P | ||
| 100 | _aArunachalam, P | ||
| 245 | 0 | _aSocial, political, economic and environmental concerns of special economic zones in India: An international expenence | |
| 260 |
_aNew Delhi _bSerials Publications _c2009 |
||
| 300 | _axix, 400 p. | ||
| 942 | _cBK | ||
| 999 |
_c151672 _d151672 |
||